| 000 | 00000nam##2200000za#4500 |
| 001 | 9.640588 |
| 003 | CaOODSP |
| 005 | 20210624222739 |
| 007 | cr ||||||||||| |
| 008 | 150407|1986||||xxc|||||o f|0| 0 fre|d |
| 040 | |aCaOODSP|bfre |
| 043 | |an-cn--- |
| 086 | 1 |aR32-265/1986F-PDF |
| 110 | 1 |aCanada.|bAffaires indiennes et du Nord. |
| 245 | 10|aRapport de recherches sur les traités - traité no. 11 (1921) / |h[ressource électronique]|cpar Kenneth S. Coates, William R. Morrison; [publié par le] Centre de la recherche historique et de l'étude des traités. |
| 260 | |aGatineau - Québec : |bAffaires indiennes et du Nord |c1986. |
| 300 | |a51p. |
| 504 | |aBibliographie. |
| 590 | |a12-33-Supp|b2012-07-18 |
| 691 | 07|aAccord|2gcpds |
| 720 | 1 |aCoates, Kenneth S. |
| 720 | 1 |aMorrison, William R. |
| 775 | 08|tTreaty research report - Treaty No. 11 (1921) / |w(CaOODSP)9.696473 |
| 856 | 40|ahttp://publications.gc.ca|qPDF|s186 Ko|uhttps://publications.gc.ca/collections/collection_2012/ainc-inac/R32-265-1986-fra.pdf |